Eurooppalaiset metrokaupungit - Statistics

Yleistilastot
  • Tätä visaa on pelattu 395 kertaa
  • Keskiarvotulos 33 / 51
Vastaustilastot
Maa Metro Kaupunki % Oikein
Suomi Helsinki
96%
Madrid
96%
Norja Oslo
96%
Pariisi
96%
Alankomaat Amsterdam
95%
Belgia Bryssel
95%
Lontoo
95%
Rooma
95%
Kreikka Ateena
94%
Espanja Barcelona
94%
Ruotsi Tukholma
93%
Saksa Berliini
92%
Tanska Kööpenhamina
91%
Portugali Lissabon
91%
Itävalta Wien
91%
Moskova
90%
Kiova
89%
Puola Varsova
89%
Pietari
88%
Bulgaria Sofia
87%
Milano
86%
Unkari Budapest
83%
Valkovenäjä Minsk
83%
Tsekki Praha
83%
Romania Bukarest
79%
Napoli
75%
Lyon
72%
Marseille
71%
Rotterdam
71%
München
70%
Hampuri
66%
Torino
65%
Frankfurt
63%
Sévilla
61%
Valencia
51%
Bilbao
38%
Iso-Britannia Glasgow
38%
Harkova
35%
Genova
30%
Ranska Lille
27%
Venäjä Jekaterinburg
24%
Toulouse
24%
Sveitsi Lausanne
22%
Kazan
18%
Nižni Novgorod
15%
Novosibirsk
15%
Nürnberg
14%
Rennes
10%
Ukraina Dnipro
9%
Samara
8%
Italia Brescia
7%
Ehtoja vastaavia visoja ei löytynyt
Tulosjakauma
Jokaisen tuloksen saaneiden osuus
Persentiili vastausten määrän mukaan
Tuloshistoriasi
Et ole pelannut tätä visaa